Governors of California by Picture - Statistics

General Stats
  • This quiz has been taken 30 times
    16 since last reset
  • The average score is 11 of 59
Answer Stats
Picture Hint Answer % Correct
2019-Present Gavin Newsom
94%
2003-2011 Arnold Schwarzenegger
88%
1967-1975 Ronald Reagan
88%
1975-1983 | 2011-2019 Jerry Brown
56%
1959-1967 Pat Brown
56%
1911-1917 Hiram Johnson
50%
1999-2003 Gray Davis
44%
1856-1858 J. Neely Johnson
44%
1943-1953 Earl Warren
38%
1983-1991 George Deukmejian
38%
1991-1999 Pete Wilson
38%
1934-1939 Frank Merriam
25%
1953-1959 Goodwin Knight
25%
1847 John C. Frémont
25%
1849 Persifor Frazer Smith
25%
1923-1927 Friend Richardson
13%
1903-1907 George Pardee
13%
1883-1887 George Stoneman
13%
1931-1934 James Rolph
13%
1852-1856 John Bigler
13%
1862-1863 Leland Stanford
13%
1849-1851 Peter Hardeman Burnett
13%
1845-1846 Pío Pico
13%
1875 Romualdo Pacheco
13%
1849 Bennet C. Riley
6%
*1837* Carlos Antonio Carrillo
6%
1927-1931 C. C. Young
6%
1939-1943 Culbert Olson
6%
1777-1782 Felipe de Neve
6%
1774-1777 Fernando Rivera y Moncada
6%
1863-1867 Frederick Low
6%
1767-1770 Gaspar de Portolá
6%
1880-1883 George Clement Perkins
6%
1867-1871 Henry Huntly Haight
6%
1891-1895 Henry Markham
6%
1899-1903 Henry T. Gage
6%
1895-1899 James Budd
6%
1907-1911 James Gillett
6%
1858-1860 John B. Weller
6%
1846 John D. Sloat
6%
1860-1862 John G. Downey
6%
1851-1852 John McDougal
6%
*1835-1836* José Castro
6%
*1814-1815* José Darío Argüello
6%
1833-1835 José Figueroa
6%
1846-1847 José María Flores
6%
1836-1837 | 1837-1842 Juan Bautista Alvarado
6%
1822-1825 Luis Antonio Argüello
6%
1842-1845 Manuel Micheltorena
6%
1860 Milton Latham
6%
1871-1875 Newton Booth
6%
*1770-1774* | 1782-1791 Pedro Fages
6%
1847-1849 Richard Barnes Mason
6%
1846-1847 Robert F. Stockton
6%
1887-1891 Robert Waterman
6%
1847 Stephen W. Kearny
6%
1887 Washington Bartlett
6%
1875-1880 William Irwin
6%
1917-1923 William Stephens
6%
No matching quizzes found
Score Distribution
Percent of People with Each Score
Percentile by Number Answered
Your Score History
You have not taken this quiz since the last reset